Alle spelers die gescoord hebben tegen Ajax - Statistieken

Algemene statistieken
  • Deze quiz is 42 keer genomen
    33 sinds de laatste reset
  • De gemiddelde score is 19 van 65
Antwoordstatistieken
Club Land Goals Stand na goal Speler % Correct
PSV Nederland 1 2-2 Luuk de Jong
82%
PSV Nederland 1 1-1 Luuk de Jong
82%
Feyenoord Mexico 3 0-1/0-2/0-4 Santiago Giménez
64%
Feyenoord Brazilië 1 0-3 Igor Paixão
61%
Feyenoord Brazilië 2 1-0/6-0 Igor Paixão
61%
Feyenoord Slowakije 1 3-0 David Hancko
57%
PSV Marokko 1 3-2 Ismael Saibari
57%
PSV Mexico 3 1-1/4-2/5-2 Hirving Lozano
54%
AZ Griekenland 1 0-1 Vangalis Pavlidis
54%
Feyenoord Nederland 1 5-0 Quinten Timber
50%
Aston Villa Engeland 1 1-0 Ollie Watkins
46%
GAE Nederland 1 2-2 Joris Kramer
39%
Aston Villa Jamaica 1 2-0 Leon Bailey
39%
Marseille Gabon 2 2-2/3-3 Peirre-Emerick Aubameyang
39%
Marseille Gabon 3 1-0/3-2/4-3 Peirre-Emerick Aubameyang
39%
AZ Nederland 2 1-0/2-0 Ruben van Bommel
39%
Twente Nederland 1 2-0 Sem Steijn
39%
Feyenoord Gambia 2 2-0/4-0 Yankuba Minteh
39%
Heracles Duitsland 1 0-1 Mario Engels
36%
Heracles Duitsland 1 2-3 Mario Engels
36%
RKC Nederland 1 1-1 Michiel Kramer
36%
RKC Nederland 1 1-1 Michiel Kramer
36%
GAE Zweden 1 1-1 Victor Edvardsen
36%
Utrecht Nederland 1 3-3 Jens Toornstra
32%
Fortuna Nederland 1 1-2 Kaj Sierhuis
32%
Twente Turkije 1 3-1 Naci Ünüvar
32%
Almere Frankrijk 1 2-2 Thomas Robinet
32%
Hercules Nederland 2 1-0/2-0 Tim Pieters
32%
Heracles Nederland 1 1-0 Jizz Hornkamp
29%
Sparta België 2 1-0/2-0 Arno Verschueren
25%
GAE Nederland 1 1-1 Bas Kuipers
25%
PEC Bulgarije 1 1-2 Filip Krastev
25%
Brighton Brazilië 1 1-0 João Pedro
25%
PEC Duitsland 2 2-1/2-2 Lennart Thy
25%
Heerenveen Nederland 1 2-1 Luuk Brouwers
25%
Aston Villa Frankrijk 1 4-0 Moussa Diaby
25%
Twente Nederland 1 1-0 Daan Rots
21%
Almere Nederland 1 1-0 Jochem Ritmeester van de Kamp
21%
Utrecht Nederland 1 2-0 Mike van der Hoorn
21%
Brighton Spanje 1 2-0 Ansu Fati
18%
Brighton Spanje 1 0-1 Ansu Fati
18%
Sparta Algerije 1 2-1 Camiel Neghli
18%
AZ Nederland 1 0-2 Dani de Wit
18%
AEK Kroatië 1 1-1 Domagoj Vida
18%
Aston Villa Colombia 1 3-0 Jhon Durán
18%
Marseille Frankrijk 1 2-1 Jonathan Clauss
18%
Utrecht Denemarken 1 4-3 Oscar Fraulo
18%
Bodø/Glimt Noorwegen 1 1-1 Patrick Berg
18%
Heerenveen Nederland 2 1-0/3-0 Pelle van Amersfoort
18%
Utrecht Nederland 1 1-0 Ryan Flamingo
18%
Marseille Congo DR 1 2-1 Chancel Mbemba
14%
NEC (own goal) Nederland 1 1-1 Jorrel Hato
14%
Ludogorets Benin 1 1-4 Olivier Verdon
14%
Heerenveen Noorwegen 1 2-0 Osame Sahraoui
14%
NEC Spanje 1 2-2 Róber
14%
Excelsior België 1 1-1 Siebe Horemans
14%
Bodø/Glimt Denemarken 2 0-1/0-2 Albert Grønbæk
11%
Fortuna Nederland 1 1-1 Deroy Duarte
11%
Hercules Nederland 1 3-2 Mats Grotenbreg
11%
Excelsior Nederland 1 2-1 Niklas Agrafiotis
11%
Brighton Ivoorkust 1 0-2 Simon Adingra
11%
NEC Nederland 1 1-2 Elayis Tavsan
7%
AEK Trinidad 1 1-1 Levi Garía
4%
Ludogorets Argentinië 1 0-1 Matías Issera
4%
RKC Marokko 1 2-1 Yassin Oekili
4%
Geen overeenkomende quizzen gevonden
Scoreverdeling
Procent van Mensen met Elke Score
Percentiel versus Aantal Correcte Antwoorden
Uw Scoregeschiedenis
U heeft deze quiz nog niet genomen sinds de laatste reset